000 00314nam a22001337a 4500
008 170522b xxu||||| |||| 00| 0 eng d
020 _a9780395943656
041 _aeng
080 _25 ED
_a94
100 _a16
101 _aSHH
245 _aWESTERN CIVILAZITTION A BRIEF HISTORY
_cPERRY.M
942 _2udc
_cBK
999 _c13747
_d13747